Premier League Players by Picture - Difficulty Easy - Statistics

General Stats
  • This quiz has been taken 236 times
  • The average score is 23 of 25
Answer Stats
Picture Answer % Correct
Erling Haaland
99%
Cristiano Ronaldo
98%
David Beckham
98%
Harry Kane
98%
Mohamed Salah
98%
Son Heung-min
98%
Kevin De Bruyne
97%
Thierry Henry
97%
Wayne Rooney
97%
Luis Suarez
96%
Gareth Bale
94%
Jamie Vardy
94%
Steven Gerrard
93%
Didier Drogba
92%
Frank Lampard
92%
Rio Ferdinand
91%
Sergio Agüero
91%
Alan Shearer
89%
Petr Cech
89%
John Terry
85%
Eric Cantona
84%
Ashley Cole
83%
Patrick Vieira
83%
Ryan Giggs
81%
Cesc Fabregas
74%
No matching quizzes found
Score Distribution
Percent of People with Each Score
Percentile by Number Answered
Your Score History
You have not taken this quiz